Fine Arts - Music | 0 | 8 | 0 | 0 | 80 | 64 | 81.38 | 0 | 0 |
Fine Arts - Painting | 1 | 5 | 0 | 0 | 65 | 33 | 86.33 | 1 | 1 |
Other - Other Academic and General Knowledge | 0 | 3 | 0 | 0 | 30 | 86 | 106.00 | 0 | 0 |
Literature - British | 0 | 3 | 0 | 0 | 30 | 107 | 111.00 | 0 | 0 |
Literature - World and Miscellaneous | 0 | 3 | 0 | 0 | 30 | 83 | 100.67 | 0 | 0 |
RMP - Greco-Roman Mythology | 0 | 2 | 0 | 0 | 20 | 71 | 74.00 | 0 | 1 |
RMP - World Mythology | 0 | 2 | 0 | 0 | 20 | 105 | 120.50 | 0 | 0 |
Science - Chemistry | 0 | 2 | 0 | 0 | 20 | 78 | 93.00 | 0 | 0 |
Literature - European | 0 | 2 | 0 | 0 | 20 | 85 | 101.50 | 0 | 0 |
Fine Arts - Opera | 0 | 2 | 0 | 0 | 20 | 96 | 112.00 | 0 | 0 |
RMP - Islam | 1 | 0 | 0 | 0 | 15 | 70 | 70.00 | 0 | 0 |
RMP - Hebrew Bible | 1 | 0 | 0 | 0 | 15 | 70 | 70.00 | 0 | 0 |
Social Science - Other | 1 | 0 | 0 | 0 | 15 | 45 | 45.00 | 0 | 0 |
Fine Arts - Miscellaneous | 0 | 1 | 0 | 0 | 10 | 113 | 113.00 | 0 | 0 |
History - Cross, Historiography, and Miscellaneous | 0 | 1 | 0 | 0 | 10 | 70 | 70.00 | 0 | 0 |
RMP - East Asian Religion | 0 | 1 | 0 | 0 | 10 | 134 | 134.00 | 0 | 0 |
RMP - Philosophy | 0 | 1 | 0 | 0 | 10 | 118 | 118.00 | 0 | 0 |
Science - Astronomy | 0 | 1 | 0 | 0 | 10 | 111 | 111.00 | 0 | 0 |
Science - Biology | 0 | 1 | 0 | 0 | 10 | 120 | 120.00 | 0 | 0 |
Social Science - Economics | 0 | 1 | 0 | 0 | 10 | 85 | 85.00 | 0 | 0 |
Social Science - Linguistics | 0 | 1 | 0 | 0 | 10 | 81 | 81.00 | 0 | 0 |
Science - Math | 0 | 0 | 0 | 0 | 0 | | 0.00 | 0 | 0 |
RMP - Other Religion | 0 | 0 | 0 | 0 | 0 | | 0.00 | 0 | 0 |
Geography - Europe | 0 | 0 | 0 | 0 | 0 | | 0.00 | 0 | 0 |
Social Science - Psychology | 0 | 0 | 0 | 0 | 0 | | 0.00 | 0 | 0 |
Literature - American | 0 | 0 | 0 | 0 | 0 | | 0.00 | 0 | 0 |